Critical care nursing : (Record no. 18932)
[ view plain ]
| 000 -LEADER | |
|---|---|
| fixed length control field | 01681cam a22003254a 4500 |
| 001 - CONTROL NUMBER | |
| control field | 13993213 |
| 005 - DATE AND TIME OF LATEST TRANSACTION | |
| control field | 20201128021205.0 |
| 008 - FIXED-LENGTH DATA ELEMENTS--GENERAL INFORMATION | |
| fixed length control field | 050602r20062005xxka fr2b f001 0 eng d |
| 010 ## - LIBRARY OF CONGRESS CONTROL NUMBER | |
| LC control number | 2005015893 |
| 020 ## - INTERNATIONAL STANDARD BOOK NUMBER | |
| International Standard Book Number | 0198525877 (pbk : alk. paper) |
| 020 ## - INTERNATIONAL STANDARD BOOK NUMBER | |
| International Standard Book Number | 9780198525875 |
| 040 ## - CATALOGING SOURCE | |
| Original cataloging agency | DNLM/DLC |
| Transcribing agency | DLC |
| Modifying agency | DLC |
| -- | EG-ScBUE |
| 082 00 - DEWEY DECIMAL CLASSIFICATION NUMBER | |
| Classification number | 610.736 |
| Edition number | 22 |
| Item number | ADA |
| 100 1# - MAIN ENTRY--PERSONAL NAME | |
| Personal name | Adam, Sheila K. |
| 9 (RLIN) | 37322 |
| 245 10 - TITLE STATEMENT | |
| Title | Critical care nursing : |
| Remainder of title | science and practice / |
| Statement of responsibility, etc | Sheila K. Adam and Sue Osborne. |
| 250 ## - EDITION STATEMENT | |
| Edition statement | 2nd ed., |
| Remainder of edition statement | reprinted. |
| 260 ## - PUBLICATION, DISTRIBUTION, ETC. (IMPRINT) | |
| Place of publication, distribution, etc | Oxford, UnitedKingdom ; |
| -- | New York, United States : |
| Name of publisher, distributor, etc | Oxford University Press, |
| Date of publication, distribution, etc | 2006. |
| 300 ## - PHYSICAL DESCRIPTION | |
| Extent | xii, 537 p. : |
| Other physical details | ill. ; |
| Dimensions | 25 cm. |
| 500 ## - GENERAL NOTE | |
| General note | Index : p. 527-537. |
| 500 ## - GENERAL NOTE | |
| General note | Reprint of the 2005 ed. |
| 504 ## - BIBLIOGRAPHY, ETC. NOTE | |
| Bibliography, etc | Includes bibliographical references. |
| 505 0# - FORMATTED CONTENTS NOTE | |
| Formatted contents note | The critical care continuum-The critical care environment-The patient within the critical care environment-Respiratory problems -- Monitoring the critically ill patient-Cardiovascular problems-Cardiac arrest and cardiopulmonary resuscitation-Cardiac surgery-Renal problems-Neurological problems-Gastrointestinal problems and nutrition-The systemic inflammatory response, sepsis, and multiple organ dysfunction-Trauma-Haematological problems-The immune system and the immunocompromised patient-Endocrine, obstetric, and drug overdose emergencies-Evaluating the effects of care in the critical care unit. |
| 650 #0 - SUBJECT ADDED ENTRY--TOPICAL TERM | |
| Topical term or geographic name as entry element | Intensive care nursing |
| 9 (RLIN) | 2174 |
| 650 #0 - SUBJECT ADDED ENTRY--TOPICAL TERM | |
| Topical term or geographic name as entry element | Critical Care |
| General subdivision | methods |
| 9 (RLIN) | 27317 |
| 650 20 - SUBJECT ADDED ENTRY--TOPICAL TERM | |
| Topical term or geographic name as entry element | Nursing Care |
| General subdivision | methods |
| 9 (RLIN) | 28926 |
| 653 ## - INDEX TERM--UNCONTROLLED | |
| Resource For college | Nursing |
| Arrived date list | January2015 |
| 655 ## - INDEX TERM--GENRE/FORM | |
| Form subdivision | |
| -- | 34232 |
| 700 1# - ADDED ENTRY--PERSONAL NAME | |
| Personal name | Osborne, Sue |
| 9 (RLIN) | 37323 |
| 942 ## - ADDED ENTRY ELEMENTS (KOHA) | |
| Source of classification or shelving scheme | Dewey Decimal Classification |
| Call number prefix | 610.736 ADA |
| Withdrawn status | Item status | Source of classification or shelving scheme | Damaged status | Not for loan | Vendor | Home library | Current library | Shelving location | Date acquired | Source of acquisition | Cost, normal purchase price | Serial Enumeration / chronology | Total Checkouts | Total Renewals | Full call number | Barcode | Checked out | Date last seen | Date last borrowed | Cost, replacement price | Koha item type |
|---|---|---|---|---|---|---|---|---|---|---|---|---|---|---|---|---|---|---|---|---|---|
| Dewey Decimal Classification | Baccah | Central Library | Central Library | First floor | 22/01/2015 | 250.00 | 21291 | 10 | 8 | 610.736 ADA | 000037356 | 24/03/2026 | 22/02/2026 | 22/02/2026 | 438.00 | Book - Borrowing |